000 00296nam a2200109Ia 4500
001 1276018
005 20260417160439.0
008 260417s9999 xx 000 0 und d
020 _a9786256126336
245 0 _aEvimizdeki Muhteşem Fizik
_cThe Amazing Theatre of Physics
260 _bKetebe Çocuk
999 _c1276018
_d1276018